000 01139nam a22001937a 4500
999 _c63937
_d63937
003 Ge_BSU
005 20260226113204.0
008 260225s1998 ge ||||| |||| 00| 0 geo d
041 _ageo
080 _a338(479)(075.8) ე-49
245 _aეკონომიკის აქტუალური საკითხები :
_b(სამეცნიერო ნაშრომთა კრებული). ნაწ. 7 /
_cთსუ; [სარედ. კოლ.: ლ. ყორღანაშვილი (მთ. რედ.) და სხვ.].
264 _aთბილისი :
_b თბილ. უნ-ტის გამ-ბა,
_c1998.
300 _a119 გვ.;
_b20 სმ.
700 _aყორღანაშვილი, ლ.
_eრედაქტორი
_922451
700 _aბერკაცაშვილი, გ.
_eრედაქტორი
_926971
700 _aმექვაბიშვილი, ე. და სხვ.
_eრედაქტორი
_926972
710 _aთბილისის სახელმწიფო უნივერსიტეტი.
_926973
942 _2udc
_cᲬᲘᲒᲜᲘ